Normal view
MARC view
- Mishra, M P
Entry Personal Name
001 - CONTROL NUMBER
- control field: 5715
003 - CONTROL NUMBER IDENTIFIER
- control field: OSt
005 - DATE AND TIME OF LATEST TRANSACTION
- control field: 20180205112559.0
008 - FIXED-LENGTH DATA ELEMENTS
- fixed length control field: 180205|| aca||aabn | a|a d
040 ## - CATALOGING SOURCE
- Original cataloging agency: OSt
- Transcribing agency: OSt
100 ## - HEADING--PERSONAL NAME
- Personal name: Mishra, M P
670 ## - SOURCE DATA FOUND
- Source citation: Work cat.: (OSt): Mishra, M P, Awarness Environmental education - VI, 2008